| 000 | 01098nam a2200265Ii 4500 | ||
|---|---|---|---|
| 008 | 221202s xx 000 0 und d | ||
| 245 | 0 | _aHandbook of Life Course Health Development | |
| 264 | 1 |
_aCham _bSpringer Nature _c2018 |
|
| 300 | _a1 online resource | ||
| 336 |
_atext _btxt _2rdacontent |
||
| 337 |
_acomputer _bc _2rdamedia |
||
| 338 |
_aonline resource _bcr _2rdacarrier |
||
| 520 | _aHealth development science; Developmental origins of chronic illnesses; Community; Diabetes; Autism; Obesity; Nutrition; Health disparities across the lifespan; Fetal programming | ||
| 653 | _aAutism | ||
| 653 | _aCommunity | ||
| 653 | _aDevelopmental Origins Of Chronic Illnesses | ||
| 653 | _aDiabetes | ||
| 653 | _aHealth Development Science | ||
| 700 | 1 | _aFaustman, Elaine M. | |
| 700 | 1 | _aForrest, Christopher B. | |
| 700 | 1 | _aHalfon, Neal | |
| 700 | 1 | _aLerner, Richard M. | |
| 856 | _uhttps://library.oapen.org/bitstream/20.500.12657/27798/1/1002207.pdfhttps://link.springer.com/book/10.1007/978-3-319-47143-3http://library.oapen.org/handle/20.500.12657/27798 | ||
| 942 | _cE-BOOK | ||
| 999 |
_c62948 _d62948 |
||